Otra vuelta ade tuerca /

Guardado en:
Autor Principal: James, Henry
Formato: Libro
Publicado: Buenos Aires : Longseller, 2007
Edición:3a. ed.
Etiquetas: Agregar Etiqueta
Sin Etiquetas, Sea el primero en etiquetar este registro!
LEADER 00459nam a22001695a 4500
001 CEM.cems018653
005 20190219160856.0
008 130507s2007##################000#0#####d
003 CEMS
020 |a 9789875507548 
082 0 4 |a 823.9 
100 1 |a James, Henry 
245 1 0 |a Otra vuelta ade tuerca /  |c Henry James 
250 |a 3a. ed. 
260 |a Buenos Aires :  |b Longseller,  |c 2007 
300 |a 221 p. 
859 |a CEMS  |b BIB. CEMS - Agricultura  |h 823.9  |i J231  |p A3185.18  |t Ej.1